000 00306nam a2200121 i 4500
001 bg
245 0 0 _aPolski słownik biograficzny.
_nT.4,
_pChwalczewski Jerzy-Dąbrowski Ignacy.
260 _aWrocław,
_c1977.
040 _cBPK
041 _apol
942 _cKS
008 s pl f |000 0 pol
999 _c34859
_d34859
856 _uhttp://koha.tu.koszalin.pl/cgi-bin/koha/opac-detail.pl?biblionumber=34859
_yKatalog online BPK